| 000 | 01705nam a2200277Ia 4500 | ||
|---|---|---|---|
| 003 | Ost | ||
| 005 | 20260507075100.0 | ||
| 008 | 260507s9999||||xx |||||||||||||| ||und|| | ||
| 040 | _cfsecg | ||
| 041 | _aara | ||
| 082 | _a364.133 | ||
| 100 |
_aمحمدين، جلال وفاء _eمؤلف |
||
| 245 | 0 |
_aمكافحة غسيل الأموال : _bطبقا للقانون الكويتي رقم 35 لسنة 2002 مقارنا بكل من القانون المصري واللبناني والإماراتي / _c جلال وفاء محمدين |
|
| 260 |
_aالاسكندرية: _bدار الجامعة الجديدة, _c2004 |
||
| 300 |
_a165 صفحة؛ _c25 سم |
||
| 490 | _aالمكتبة القانونية | ||
| 504 | _aبيبليوغرافيا ص.150 | ||
| 520 | _aالتعريف بغسيل الأموال،جرائم غسيل الأموال والعقاب عليها،جرائم غسيل الأموال،العقوبات،التزاماتالبنوك والمؤسسات المالية والجزاءات ، التزامات البنوك والمؤسسات المالية الكويتية،الجزاءات في القانون الكويتي، الإلتزامات والجزاءات في القوانين الأخرى،أنماط المعاملات المشبوهة لغسيل الأموال والتحري والإبلاغ عنها،أنماط من المعاملات المشبوهة لغسيل الأموال،التحري والإبلاغ عن المعاملات المشبوهة | ||
| 653 | _aالإمارات | ||
| 653 | _aتبييض الاموال | ||
| 653 | _aجرائم الاموال | ||
| 653 | _aقانون | ||
| 653 | _aلبنان | ||
| 653 | _aمصر | ||
| 942 | _cكتاب | ||
| 999 |
_c42780 _d42780 |
||